| 000 | 00401nam a2200121Ia 4500 | ||
|---|---|---|---|
| 008 | 200907s9999 xx 000 0 und d | ||
| 020 | _a978-971-98-0933-3 | ||
| 100 | _aNocon, Rizaldi C. | ||
| 245 |
_cRizaldi C. Nocon, Ederlina G. Nocon _aEssential mathematics for the modern world/ |
||
| 260 |
_aQuezon City: _bC and E Publishing, Inc. _c2018 |
||
| 300 |
_ax, 501 pages _c22 cm. |
||
| 650 | _aMathematics | ||
| 999 |
_c364070 _d364070 |
||